Tâm sự của một người dịch thơ Bác Hồ ra tiếng Tày /

Saved in:
Bibliographic Details
Main Author: Triệu Lam Châu.
Format: Article
Language:Vietnamese
Subjects:
Tags: Add Tag
No Tags, Be the first to tag this record!
Institutions: Thư viện Trường Đại học Đà Lạt
LEADER 00745nam a2200265 4500
001 DLU110130953
005 ##20111227
040 # # |a DLU  |b vie 
041 # # |a vie 
044 # # |a vn 
100 # # |a Triệu Lam Châu. 
245 # # |a Tâm sự của một người dịch thơ Bác Hồ ra tiếng Tày /  |c Triệu Lam Châu. 
653 # # |a Dân tộc Tày 
653 # # |a Dịch thuật 
653 # # |a Tiếng Tày 
773 # # |t Nhà văn  |g Số 7, 2010, tr. 153-157 
920 # # |a Phòng Tạp chí -- Trung tâm Thông tin - Thư viện Trường Đại học Đà Lạt 
994 # # |a DLU 
900 # # |a True 
911 # # |a Nguyễn Thị Linh Chi 
925 # # |a G 
926 # # |a A 
927 # # |a BB 
980 # # |a Thư viện Trường Đại học Đà Lạt